| 000 | 00439nam a22001457a 4500 | ||
|---|---|---|---|
| 005 | 20140128131057.0 | ||
| 008 | 140128b xxu||||| |||| 00| 0 eng d | ||
| 050 |
_aLC368. _bC555 1993 |
||
| 100 |
_aFrancis, Leslie _97142 |
||
| 245 |
_aChristian perspectives on church schools _cFrancis, Leslie |
||
| 260 |
_aHerefordshire _bGracewing _c1993 |
||
| 300 |
_axviii, 502p.; _c24cm. |
||
| 700 |
_aFrancis, Leslie _97143 |
||
| 942 |
_2lcc _cMONOGRAPH |
||
| 999 |
_c119725 _d119725 |
||